00842 a2200157 4500003000500000005001700005040000900022082001700031100002200048245008200070260004400152300003200196505041700228600002200645650001700667Nust20230206111322.0 cNust a954.9042,WOR aDani, Ahmad Hasan aWorld scholars on Quaid-i-Azam Mohammad Ali Jinnah /cProf. Ahmad Hasan Dani, aQuaidi-Azam universitybIslamabadc1979 a436 pbilluscdigarse28 cm aIntroduction (Page-1), Documents (Page-25), Quaid-i-Azam : The Man and his Family (Page-49), Formative Experiences (Page-73), The Great Decision (Page-135), March Towards Destiny (Page-163), Final Goal (1940-47) (Page-239), The Governor General of Pakistan (Page-287), Quaid-i-Azam and People Around (Page-313), Quaid-i-Azam in the Eyes of Foreigners (Page-349), Mohammad Ali Jinnah the Quaid-i-Azam (Page-377).  aDani, Ahmad Hasan aQuaid-i-Azam